Statistics for Most valuable footballer from each country #06

Click here to take the quiz!

General Stats

  • This quiz has been taken 4 times
  • The average score is 8 of 16

Answer Stats

Answer% Correct
Musa Barrow
100%
Tjay De Bar
100%
Glen Kamara
67%
Junior Firpo
67%
Karl Hein
67%
Mohammed Kudus
67%
Alex Roldan
33%
Anas Farah Ali
33%
Denis Bouanga
33%
Joannes Bjartalid
33%
Mohammed Saeid
33%
Roy Krishna
33%
Shanon Baptiste
33%
Tobi Jnohope
33%
Vangelis Pavlidis
33%
Yaone Wissa
33%

Score Distribution

Percentile by Number Answered

Percent of People with Each Score

Your Score History

You have not taken this quiz